00389 a2200109 4500001001000000005001700010008004100027245011200068100003100180773005100211999001700262ART_4668420260410162040.0260409a 10aEfectos de la migración interna sobre el sistema de asentamientos humanos de América Latina y el Caribe1 aRodríguez Vignoli, Jorge0 tRevista Cepalg- Nº 123 (dic. 2017)wREV45125 c34762d34762